Doelpuntenmakers PSV Eredivisie 2024/25 - Statistieken

Algemene statistieken
  • Deze quiz is 45 keer genomen
  • De gemiddelde score is 12 van 16
Antwoordstatistieken
Doelpunten Speler % Correct
14 Luuk de Jong
100%
10 Guus Til
91%
11 Noa Lang
88%
1 Joey Veerman
85%
11 Ricardo Pepi
85%
11 Ismael Saibari
82%
1 Jerdy Schouten
82%
12 Malik Tillman
82%
9 Ivan Perisic
79%
1 Olivier Boscagli
76%
9 Johan Bakayoko
74%
1 Armando Obispo
68%
2 Couhaib Driouech
62%
1 Richard Ledezma
44%
4 Hirving Lozano
35%
1 Isaac Babadi
32%
Geen overeenkomende quizzen gevonden
Scoreverdeling
Procent van Mensen met Elke Score
Percentiel versus Aantal Correcte Antwoorden
Uw Scoregeschiedenis
U heeft deze quiz nog niet genomen